|
|
|
|
| LEADER |
00000naa2a2200000 4500 |
| 001 |
426389 |
| 005 |
20231101074522.0 |
| 035 |
|
|
|a (RuTPU)RU\TPU\prd\85134
|
| 035 |
|
|
|a RU\TPU\prd\45071
|
| 090 |
|
|
|a 426389
|
| 100 |
|
|
|a 20100705a2006 k y0rusy50 ca
|
| 101 |
0 |
|
|a rus
|
| 102 |
|
|
|a RU
|
| 200 |
1 |
|
|a Ядерное топливо в объекте "Укрытие"
|f А. А. Боровой
|
| 225 |
1 |
|
|a Статьи
|
| 320 |
|
|
|a Библиогр.: 25 назв.
|
| 461 |
|
0 |
|0 (RuTPU)RU\TPU\prd\33
|x 0004-7163
|t Атомная энергия
|o теоретический и научно-технический журнал
|f Российская академия наук ; Министерство РФ по атомной энергии, ядерного общества
|d 1956-
|
| 463 |
|
0 |
|0 (RuTPU)RU\TPU\prd\85132
|t Т. 100, вып. 4
|v с. 258-267
|d 2006
|
| 610 |
1 |
|
|a ядерное топливо
|
| 610 |
1 |
|
|a топливосодержащие материалы
|
| 610 |
1 |
|
|a Чернобыльская АЭС
|
| 610 |
1 |
|
|a физико-химические свойства
|
| 610 |
1 |
|
|a хранение
|
| 610 |
1 |
|
|a разрушение
|
| 610 |
1 |
|
|a мониторинг
|
| 675 |
|
|
|a 621.039.54
|v 3
|
| 700 |
|
1 |
|a Боровой
|b А. А.
|
| 801 |
|
1 |
|a RU
|b 63413507
|c 20060821
|g PSBO
|
| 801 |
|
2 |
|a RU
|b 63413507
|c 20100705
|g RCR
|
| 942 |
|
|
|c BK
|